[Event "Women's Baku Chess Olympiad"]
[Site "chess24.com"]
[Date "2016.09.05"]
[Round "4"]
[White "Allotey,Dorcas"]
[Black "Nepando, Jolly"]
[Result "0-1"]
[Board "3"]
[WhiteID "12600431"]
[WhiteElo "1504"]
[WhiteCountry "GHA"]
[WhiteFideId "12600431"]
[WhiteEloChange "-10"]
[BlackID "15200485"]
[BlackElo "1517"]
[BlackTitle "WCM"]
[BlackCountry "NAM"]
[BlackFideId "15200485"]
[BlackEloChange "10"]

1. e4 {[%clk 1:30:58]} e5 {[%clk 1:30:37]} 2. Nf3 {[%clk 1:31:21]} Nc6 {[%clk
1:30:09]} 3. Nc3 {[%clk 1:31:29]} Bc5 {[%clk 1:29:11]} 4. Bc4 {[%clk 1:30:41]}
Nf6 {[%clk 1:28:17]} 5. O-O {[%clk 1:29:40]} O-O {[%clk 1:27:58]} 6. d3 {[%clk
1:29:24]} d6 {[%clk 1:27:40]} 7. h3 {[%clk 1:29:35]} h6 {[%clk 1:27:20]} 8. Re1
{[%clk 1:28:59]} Re8 {[%clk 1:23:56]} 9. Bd2 {[%clk 1:28:44]} Nd4 {[%clk
1:23:23]} 10. Nh4 {[%clk 1:28:32]} Be6 {[%clk 1:20:54]} 11. Be3 {[%clk 1:25:38]}
Bxc4 {[%clk 1:19:34]} 12. dxc4 {[%clk 1:24:36]} Nxe4 {[%clk 1:11:47]} 13. Qg4
{[%clk 1:06:13]} Nf6 {[%clk 1:10:26]} 14. Bxh6 {[%clk 1:24:46]} Nxg4 {[%clk
1:10:35]} 15. Nf5 {[%clk 1:22:11]} Nxc2 {[%clk 1:10:02]} 16. hxg4 {[%clk
1:21:44]} Nxa1 {[%clk 1:10:16]} 17. Rxa1 {[%clk 1:21:53]} gxh6 {[%clk 1:10:24]}
18. g3 {[%clk 1:21:06]} c6 {[%clk 1:09:28]} 19. Ne4 {[%clk 1:20:37]} Re6 {[%clk
1:09:04]} 20. a3 {[%clk 1:17:37]} a5 {[%clk 1:09:29]} 21. Rb1 {[%clk 1:17:33]}
Qb6 {[%clk 1:09:35]} 22. Kg2 {[%clk 1:16:55]} d5 {[%clk 1:09:32]} 23. cxd5 {[%clk
1:16:28]} cxd5 {[%clk 1:09:57]} 24. Nd2 {[%clk 1:13:44]} Bxf2 {[%clk 1:09:39]}
25. Kh3 {[%clk 1:11:09]} Rae8 {[%clk 1:09:37]} 26. b4 {[%clk 1:08:15]} a4 {[%clk
1:09:55]} 27. b5 {[%clk 1:08:24]} e4 {[%clk 1:10:07]} 28. Rb4 {[%clk 1:08:12]} e3
{[%clk 1:10:18]} 29. Nf3 {[%clk 1:07:57]} Re4 {[%clk 1:10:04]} 30. Rb1 {[%clk
1:06:20]} e2 {[%clk 1:10:09]} 31. Rc1 {[%clk 1:02:41]} e1Q {[%clk 1:07:18]} 32.
Nxe1 {[%clk 1:02:40]} Rxe1 {[%clk 1:06:39]} 0-1

[Event "Women's Baku Chess Olympiad"]
[Site "chess24.com"]
[Date "2016.09.05"]
[Round "4"]
[White "Terubea, Cydel"]
[Black "Baqer, Fatemah Alzahraa"]
[Result "1-0"]
[Board "3"]
[WhiteID "11400455"]
[WhiteElo "1363"]
[WhiteCountry "FIJ"]
[WhiteFideId "11400455"]
[WhiteEloChange "6"]
[BlackID "10301291"]
[BlackElo "1204"]
[BlackCountry "KUW"]
[BlackFideId "10301291"]
[BlackEloChange "-6"]

1. e4 {[%clk 1:30:57]} e5 {[%clk 1:30:54]} 2. Nf3 {[%clk 1:31:23]} Nf6 {[%clk
1:31:14]} 3. Nxe5 {[%clk 1:31:39]} d6 {[%clk 1:31:37]} 4. Nf3 {[%clk 1:31:54]}
Nxe4 {[%clk 1:31:58]} 5. Qe2 {[%clk 1:32:03]} Qe7 {[%clk 1:32:08]} 6. d3 {[%clk
1:32:14]} Nf6 {[%clk 1:32:23]} 7. Qxe7+ {[%clk 1:32:34]} Bxe7 {[%clk 1:32:36]} 8.
Bf4 {[%clk 1:32:26]} Bf5 {[%clk 1:31:44]} 9. Nc3 {[%clk 1:31:52]} Nc6 {[%clk
1:31:58]} 10. Nh4 {[%clk 1:30:48]} g6 {[%clk 1:27:51]} 11. Nxf5 {[%clk 1:30:25]}
gxf5 {[%clk 1:27:39]} 12. Bg5 {[%clk 1:29:52]} h6 {[%clk 1:27:37]} 13. Bh4 {[%clk
1:29:40]} O-O-O {[%clk 1:27:24]} 14. O-O-O {[%clk 1:29:58]} Rhe8 {[%clk 1:27:25]}
15. f3 {[%clk 1:29:41]} d5 {[%clk 1:24:13]} 16. d4 {[%clk 1:29:29]} a6 {[%clk
1:23:36]} 17. Bd3 {[%clk 1:28:48]} Nxd4 {[%clk 1:22:17]} 18. Bf2 {[%clk 1:28:39]}
c5 {[%clk 1:20:04]} 19. Bxd4 {[%clk 1:28:42]} cxd4 {[%clk 1:18:44]} 20. Bxf5+
{[%clk 1:29:03]} Kb8 {[%clk 1:18:41]} 21. Rxd4 {[%clk 1:28:17]} Bc5 {[%clk
1:16:43]} 22. Rd3 {[%clk 1:27:14]} d4 {[%clk 1:15:51]} 23. Ne4 {[%clk 1:26:37]}
Nxe4 {[%clk 1:14:42]} 24. Bxe4 {[%clk 1:26:59]} b6 {[%clk 1:12:21]} 25. Rhd1
{[%clk 1:26:49]} Re7 {[%clk 1:10:38]} 26. c3 {[%clk 1:22:44]} Red7 {[%clk
1:07:22]} 27. Kc2 {[%clk 1:20:07]} b5 {[%clk 1:02:35]} 28. b3 {[%clk 1:17:30]} a5
{[%clk 1:02:34]} 29. Bc6 {[%clk 1:12:05]} Bb6 {[%clk 0:52:25]} 30. Bxd7 {[%clk
1:12:13]} Rxd7 {[%clk 0:52:34]} 31. cxd4 {[%clk 1:11:50]} Rc7+ {[%clk 0:52:01]}
32. Rc3 {[%clk 1:10:14]} Re7 {[%clk 0:48:55]} 33. Kd3 {[%clk 1:10:09]} b4 {[%clk
0:48:00]} 34. Rc6 {[%clk 1:09:37]} Kb7 {[%clk 0:47:44]} 35. d5 {[%clk 1:08:03]}
Rd7 {[%clk 0:47:18]} 36. Kc4 {[%clk 1:08:12]} Ka6 {[%clk 0:45:53]} 37. Rxh6
{[%clk 1:07:41]} Rc7+ {[%clk 0:45:14]} 38. Rc6 {[%clk 1:07:59]} Ra7 {[%clk
0:45:16]} 39. Re1 {[%clk 1:07:06]} f6 {[%clk 0:41:17]} 40. Rxf6 {[%clk 1:37:08]}
Rc7+ {[%clk 1:09:47]} 41. Rc6 {[%clk 1:37:31]} Kb7 {[%clk 1:09:18]} 42. Rxc7+
{[%clk 1:37:38]} Kxc7 {[%clk 1:08:44]} 43. Re7+ {[%clk 1:37:37]} Kd6 {[%clk
1:08:33]} 44. Re6+ {[%clk 1:37:59]} Kc7 {[%clk 1:08:23]} 45. Rxb6 {[%clk
1:37:15]} Kxb6 {[%clk 1:08:34]} 46. g4 {[%clk 1:37:43]} Kc7 {[%clk 1:05:25]} 47.
Kc5 {[%clk 1:38:03]} a4 {[%clk 1:05:01]} 48. bxa4 {[%clk 1:38:08]} b3 {[%clk
1:05:14]} 49. axb3 {[%clk 1:38:28]} Kd8 {[%clk 1:05:35]} 50. Kc6 {[%clk 1:38:41]}
Kc8 {[%clk 1:05:31]} 51. g5 {[%clk 1:39:02]} Kb8 {[%clk 1:03:55]} 52. g6 {[%clk
1:39:17]} Ka7 {[%clk 1:04:15]} 53. d6 {[%clk 1:38:54]} Ka6 {[%clk 1:04:04]} 54.
b4 {[%clk 1:38:42]} Ka7 {[%clk 1:03:54]} 55. d7 {[%clk 1:38:47]} Ka6 {[%clk
1:03:46]} 56. d8Q {[%clk 1:38:56]} Ka7 {[%clk 1:03:45]} 57. Qb6+ {[%clk 1:39:18]}
Ka8 {[%clk 1:03:57]} 58. Qb7# {[%clk 1:39:46]} 1-0